| 000 | 00636nam a2200217 a 4500 | ||
|---|---|---|---|
| 005 | 20240924070651.0 | ||
| 008 | 181212s2017 mx r 000 0 spa d | ||
| 020 | _a9786070295652 (UNAM) | ||
| 020 | _a9786079764258 (Itaca) | ||
| 035 | _aUPN01000228310 | ||
| 049 | _aCG | ||
| 050 | 4 |
_aD16.8 _bT7.2 |
|
| 245 | 0 | 0 |
_aTránsito (s) y resistencia (s) : _bontología de la historia / _ccoord. Rebeca Maldonado. |
| 260 |
_aMéxico : _bUNAM : _bItaca, _c2017. |
||
| 300 | _a349 p. | ||
| 650 | 4 |
_aHistoria _xFilosofía _96938 |
|
| 650 | 7 |
_aOntología _2 _913636 |
|
| 700 | 1 |
_aMaldonado, Rebeca, _ecoord. |
|
| 905 | _aLibro | ||
| 999 |
_c200405 _d200405 |
||